[Event "Titled Tuesday intern op 06th Dec Early"]
[Site "Chess.com INT"]
[Date "2022.12.06"]
[Round "1"]
[White "Drygalov, Sergey"]
[Black "Franca, Ricardo Bedin"]
[Result "1/2-1/2"]
[WhiteElo "2547"]
[BlackElo "2278"]
[PlyCount "78"]
[EventDate "2022.12.06"]
[EventType "swiss (blitz)"]
[EventRounds "11"]
[EventCountry "USA"]
[SourceTitle "CBM 211 Extra"]
[Source "ChessBase"]
[SourceDate "2023.01.31"]
[SourceVersion "1"]
[SourceVersionDate "2023.01.31"]
[SourceQuality "1"]

1. d4 Nf6 2. c4 c5 3. d5 e6 4. Nc3 exd5 5. cxd5 d6 6. e4 g6 7. Nf3 a6 8. a4 Bg4 9. Qb3 Bxf3 10. gxf3 Nbd7 11. Qxb7 Bg7 12. Qc6 0-0 13. Qxd6 Nh5 14. Bh3 Qa5 15. Bxd7 Bxc3+ 16. Kf1 Bd4 17. Bg4 Rad8 18. Qc6 Nf6 19. Bg5 Nxg4 20. fxg4 Rde8 21. Re1 f5 22. gxf5 Qb4 23. d6 Qxb2 24. Re2 Qc3 25. Kg2 gxf5 26. Rg1 Rxe4 27. Be3 Rg4+ 28. Kh1 Rxg1+ 29. Kxg1 Bxe3 30. Rxe3 Qc1+ 31. Kg2 f4 32. Qd5+ Kg7 33. Qg5+ Kh8 34. Qe5+ Kg8 35. Rf3 Qd2 36. Qe6+ Kh8 37. Qe5+ Kg8 38. Qe6+ Kh8 39. Qe5+ Kg8 1/2-1/2

[Event "Titled Tuesday intern op 06th Dec Early"]
[Site "Chess.com INT"]
[Date "2022.12.06"]
[Round "3"]
[White "Franca, Ricardo Bedin"]
[Black "Guerb, Leonid"]
[Result "0-1"]
[WhiteElo "2278"]
[BlackElo "2295"]
[PlyCount "75"]
[EventDate "2022.12.06"]
[EventType "swiss (blitz)"]
[EventRounds "11"]
[EventCountry "USA"]
[SourceTitle "CBM 211 Extra"]
[Source "ChessBase"]
[SourceDate "2023.01.31"]
[SourceVersion "1"]
[SourceVersionDate "2023.01.31"]
[SourceQuality "1"]

1. e4 c6 2. d4 d5 3. Nd2 dxe4 4. Nxe4 Nf6 5. Nxf6+ exf6 6. c3 Bd6 7. Bd3 0-0 8. Qc2 h6 9. Ne2 c5 10. Be3 cxd4 11. Nxd4 Nc6 12. Nxc6 bxc6 13. 0-0 Qc7 14. h3 Be6 15. c4 c5 16. Be4 Rab8 17. b3 a5 18. Rad1 Rfd8 19. Rd2 Bh2+ 20. Kh1 Rxd2 21. Bxd2 Be5 22. f4 Bd4 23. f5 Bd7 24. Bf4 Be5 25. Bxe5 Qxe5 26. Bd5 a4 27. bxa4 Rb2 28. Qe4 Qxe4 29. Bxe4 Rxa2 30. Rd1 Bxa4 31. Rd8+ Kh7 32. Bd5 Bc2 33. g4 h5 34. Bxf7 hxg4 35. h4 Bxf5 36. Rd5 Be4+ 37. Kg1 Bxd5 38. Bxd5 0-1

[Event "Titled Tuesday intern op 19th Jul Early"]
[Site "Chess.com INT"]
[Date "2022.07.19"]
[Round "4"]
[White "Boruchovsky, Avital"]
[Black "Franca, Ricardo Bedin"]
[Result "1-0"]
[WhiteElo "2551"]
[BlackElo "2278"]
[PlyCount "79"]
[EventDate "2022.07.19"]
[EventType "swiss (blitz)"]
[EventRounds "11"]
[EventCountry "USA"]
[SourceTitle "EXT 2023"]
[Source "ChessBase"]
[SourceDate "2022.10.05"]
[SourceVersion "1"]
[SourceVersionDate "2022.10.05"]
[SourceQuality "1"]

1. e4 e5 2. Nf3 Nc6 3. Bb5 a6 4. Ba4 Nf6 5. 0-0 Be7 6. Re1 b5 7. Bb3 d6 8. c3 0-0 9. h3 Na5 10. Bc2 c5 11. d3 Qc7 12. Nbd2 Re8 13. Nf1 Bf8 14. Ng3 h6 15. d4 exd4 16. cxd4 Nc6 17. Bf4 cxd4 18. Rc1 Qb6 19. Bb3 Be6 20. Bxe6 Rxe6 21. Nf5 Rxe4 22. Rxe4 Nxe4 23. Qc2 Nc5 24. Bxd6 Bxd6 25. Nxd6 Rd8 26. Nf5 d3 27. Qxc5 d2 28. Nxd2 Qxc5 29. Rxc5 Rxd2 30. Rxc6 Rxb2 31. Rxa6 b4 32. Nd4 g6 33. g4 Kg7 34. Kg2 Rd2 35. Nf3 Rb2 36. Ne5 Re2 37. Nd3 Re4 38. Rb6 h5 39. gxh5 gxh5 40. Rxb4 1-0

[Event "Titled Tuesday intern op 19th Jul Early"]
[Site "Chess.com INT"]
[Date "2022.07.19"]
[Round "1"]
[White "Franca, Ricardo Bedin"]
[Black "Mitrovic, Darko R"]
[Result "1-0"]
[WhiteElo "2278"]
[BlackElo "2223"]
[PlyCount "71"]
[EventDate "2022.07.19"]
[EventType "swiss (blitz)"]
[EventRounds "11"]
[EventCountry "USA"]
[SourceTitle "EXT 2023"]
[Source "ChessBase"]
[SourceDate "2022.10.05"]
[SourceVersion "1"]
[SourceVersionDate "2022.10.05"]
[SourceQuality "1"]

1. e4 e6 2. d4 d5 3. Nc3 Bb4 4. Nge2 Nf6 5. e5 Ne4 6. f3 Nxc3 7. Nxc3 0-0 8. a3 Be7 9. f4 c5 10. dxc5 Bxc5 11. b4 Be7 12. Be3 b6 13. Nb5 Nc6 14. c3 Ba6 15. Nd4 Nxd4 16. Bxa6 Nf5 17. Bf2 Qc7 18. Qd2 f6 19. exf6 Bxf6 20. Rc1 Rad8 21. 0-0 Nd6 22. Bd4 b5 23. a4 bxa4 24. Qe3 Bxd4 25. cxd4 Qd7 26. Rc5 Nf5 27. Qe5 Qd6 28. Bd3 Qxe5 29. dxe5 Rc8 30. Ra5 Ne3 31. Re1 Nc4 32. Rxa4 Rxf4 33. Rxa7 Nxe5 34. Be2 Nf7 35. g3 Rxb4 36. Ba6 1-0

[Event "Titled Tuesday intern op 05th Jul Early"]
[Site "Chess.com INT"]
[Date "2022.07.05"]
[Round "3"]
[White "Franca, Ricardo Bedin"]
[Black "So, Wesley"]
[Result "0-1"]
[WhiteElo "2278"]
[BlackElo "2773"]
[PlyCount "98"]
[EventDate "2022.07.05"]
[EventType "swiss (blitz)"]
[EventRounds "11"]
[EventCountry "USA"]
[SourceTitle "CBM 209 Extra"]
[Source "ChessBase"]
[SourceDate "2022.09.30"]
[SourceVersion "1"]
[SourceVersionDate "2022.09.30"]
[SourceQuality "1"]

1. e4 c5 2. Nf3 d6 3. d4 cxd4 4. Nxd4 Nf6 5. Nc3 a6 6. Be3 e5 7. Nb3 Be6 8. Nd5 Nbd7 9. f3 Bxd5 10. exd5 Rc8 11. c4 Be7 12. Qd2 0-0 13. Be2 b6 14. 0-0 a5 15. Rac1 Re8 16. Rc2 g6 17. Nc1 Nh5 18. Nd3 f5 19. Kh1 f4 20. Bg1 Bh4 21. Nf2 Nc5 22. Nh3 Bf6 23. Nf2 Bg7 24. Bd3 Qh4 25. Nh3 Qe7 26. Be4 Nf6 27. Nf2 Qd7 28. b3 g5 29. h3 Nh5 30. Bh2 Nf6 31. Re1 h5 32. Qe2 Qf7 33. Rb1 Rc7 34. a3 g4 35. fxg4 hxg4 36. hxg4 Nfxe4 37. Nxe4 Qg6 38. Nxc5 bxc5 39. b4 axb4 40. axb4 cxb4 41. Rxb4 Ra8 42. Rc1 Rca7 43. Rbb1 Ra2 44. Qf3 R8a3 45. Rb3 Ra1 46. Rg1 Rxg1+ 47. Kxg1 Ra1+ 48. Kf2 Qc2+ 49. Qe2 Qxb3 0-1

[Event "Titled Tuesday intern op 20th Oct"]
[Site "Chess.com INT"]
[Date "2020.10.20"]
[Round "9"]
[White "Albuquerque, Wellington S Jr"]
[Black "Franca, Ricardo Bedin"]
[Result "1/2-1/2"]
[WhiteElo "2209"]
[BlackElo "2278"]
[PlyCount "73"]
[EventDate "2020.10.20"]
[EventType "swiss (blitz)"]
[EventRounds "11"]
[EventCountry "USA"]
[SourceTitle "EXT 2022"]
[Source "ChessBase"]
[SourceDate "2021.10.06"]
[SourceVersion "1"]
[SourceVersionDate "2021.10.06"]
[SourceQuality "1"]

1. c4 Nf6 2. g3 e5 3. Bg2 c6 4. d4 d6 5. dxe5 dxe5 6. Qxd8+ Kxd8 7. Nc3 Bb4 8. Bd2 Be6 9. b3 Nbd7 10. Bh3 Bxh3 11. Nxh3 Ke7 12. 0-0-0 Nc5 13. Kc2 a5 14. Nb1 Nfe4 15. a3 Bxd2 16. Nxd2 Nxd2 17. Rxd2 Rad8 18. Rhd1 Rxd2+ 19. Rxd2 Rd8 20. Rxd8 Kxd8 21. f3 Ke7 22. b4 axb4 23. axb4 Ne6 24. e3 f5 25. Kd3 g5 26. Nf2 h5 27. h3 f4 28. exf4 exf4 29. g4 hxg4 30. hxg4 Kf6 31. Ne4+ Ke5 32. Nc5 Nd8 33. Nd7+ Ke6 34. Nc5+ Ke5 35. Nd7+ Kd6 36. Nf6 Ke5 37. Nd7+ 1/2-1/2

[Event "Titled Tuesday intern op 20th Oct"]
[Site "Chess.com INT"]
[Date "2020.10.20"]
[Round "3"]
[White "Antonio, Jorge Carlos"]
[Black "Franca, Ricardo Bedin"]
[Result "1-0"]
[WhiteElo "2277"]
[BlackElo "2278"]
[PlyCount "35"]
[EventDate "2020.10.20"]
[EventType "swiss (blitz)"]
[EventRounds "11"]
[EventCountry "USA"]
[SourceTitle "EXT 2022"]
[Source "ChessBase"]
[SourceDate "2021.10.06"]
[SourceVersion "1"]
[SourceVersionDate "2021.10.06"]
[SourceQuality "1"]

1. d4 Nf6 2. Bf4 g6 3. h4 Bg7 4. h5 Nxh5 5. Rxh5 gxh5 6. e3 c5 7. Qxh5 cxd4 8. Bc4 d5 9. Bxd5 e6 10. Bc4 dxe3 11. Bxe3 Bxb2 12. Qb5+ Nc6 13. Qxb2 Rg8 14. Nd2 Rxg2 15. 0-0-0 Qa5 16. Bb5 Bd7 17. Qh8+ Ke7 18. Bc5# 1-0

[Event "Titled Tuesday intern op 20th Oct"]
[Site "Chess.com INT"]
[Date "2020.10.20"]
[Round "8"]
[White "Franca, Ricardo Bedin"]
[Black "Necula, Iulian"]
[Result "1-0"]
[WhiteElo "2278"]
[BlackElo "1890"]
[PlyCount "49"]
[EventDate "2020.10.20"]
[EventType "swiss (blitz)"]
[EventRounds "11"]
[EventCountry "USA"]
[SourceTitle "EXT 2022"]
[Source "ChessBase"]
[SourceDate "2021.10.06"]
[SourceVersion "1"]
[SourceVersionDate "2021.10.06"]
[SourceQuality "1"]

1. d4 d6 2. e4 g6 3. Nc3 Bg7 4. f4 c6 5. Nf3 Nf6 6. e5 dxe5 7. fxe5 Nd5 8. h4 Nxc3 9. bxc3 Bg4 10. Be2 Nd7 11. Ng5 Bxe2 12. Qxe2 0-0 13. h5 h6 14. hxg6 hxg5 15. gxf7+ Rxf7 16. e6 Rf6 17. exd7 Qxd7 18. Bxg5 Re6 19. Be3 c5 20. Rd1 Rd8 21. Qd3 cxd4 22. Qh7+ Kf8 23. 0-0+ Rf6 24. Bxd4 Qc6 25. Bxf6 1-0

[Event "Titled Tuesday intern op 06th Oct"]
[Site "Chess.com INT"]
[Date "2020.10.06"]
[Round "8"]
[White "Franca, Ricardo Bedin"]
[Black "Isha, Sharma"]
[Result "1-0"]
[WhiteElo "2278"]
[BlackElo "2276"]
[PlyCount "119"]
[EventDate "2020.10.06"]
[EventType "swiss (blitz)"]
[EventRounds "10"]
[EventCountry "USA"]
[SourceTitle "CBM 198 Extra"]
[Source "ChessBase"]
[SourceDate "2020.11.30"]
[SourceVersion "1"]
[SourceVersionDate "2020.11.30"]
[SourceQuality "1"]

1. d4 Nf6 2. Nf3 g6 3. Bf4 Bg7 4. e3 d6 5. h3 0-0 6. Nbd2 c5 7. c3 cxd4 8. exd4 Nc6 9. Be2 e5 10. dxe5 dxe5 11. Nxe5 Nxe5 12. Bxe5 Re8 13. Bxf6 Qxf6 14. 0-0 Rd8 15. Ne4 Qe7 16. Qc2 Bf5 17. f3 Rac8 18. Rad1 Bd4+ 19. Kh1 Qh4 20. Bd3 Be5 21. Qf2 Qxf2 22. Nxf2 Be6 23. a3 Bg7 24. Be4 b6 25. Rxd8+ Rxd8 26. Rd1 Rc8 27. Bd5 Bf5 28. g4 Bc2 29. Rd2 Ba4 30. f4 h5 31. Kg2 hxg4 32. hxg4 Re8 33. Kf3 Kf8 34. g5 Rd8 35. Rd3 Bb5 36. c4 Bd7 37. Be4 Bxb2 38. Ng4 Bg7 39. Nf6 Bxf6 40. gxf6 Ke8 41. Ke3 Ba4 42. Rxd8+ Kxd8 43. Kd4 Kc7 44. Ke5 Bb3 45. Bxg6 Bxc4 46. Bh7 Be6 47. Bg6 Bb3 48. Bh5 Bc4 49. f5 a6 50. Bf3 b5 51. Kd4 a5 52. Kc5 Bd3 53. Bd5 Bxf5 54. Bxf7 b4 55. a4 Bd7 56. Bb3 Kd8 57. Kd6 Bxa4 58. Bxa4 b3 59. f7 b2 60. f8Q# 1-0

[Event "Titled Tuesday intern op 06th Oct"]
[Site "Chess.com INT"]
[Date "2020.10.06"]
[Round "3"]
[White "Marcziter, Dmitrii"]
[Black "Franca, Ricardo Bedin"]
[Result "1/2-1/2"]
[WhiteElo "2243"]
[BlackElo "2278"]
[PlyCount "124"]
[EventDate "2020.10.06"]
[EventType "swiss (blitz)"]
[EventRounds "10"]
[EventCountry "USA"]
[SourceTitle "CBM 198 Extra"]
[Source "ChessBase"]
[SourceDate "2020.11.30"]
[SourceVersion "1"]
[SourceVersionDate "2020.11.30"]
[SourceQuality "1"]

1. e4 e5 2. Nf3 Nc6 3. Bb5 a6 4. Ba4 Nf6 5. d3 d6 6. h3 g6 7. c3 Bg7 8. 0-0 0-0 9. Bg5 Ne7 10. Qc1 Nd7 11. c4 f5 12. Bh6 f4 13. Bxg7 Kxg7 14. d4 Nc6 15. Bxc6 bxc6 16. dxe5 Nxe5 17. Nxe5 dxe5 18. f3 Qe7 19. Qc3 Qc5+ 20. Kh1 Qd4 21. Qxd4 exd4 22. c5 Rb8 23. b3 Rb5 24. Rc1 a5 25. Nd2 Re8 26. Rc4 Re5 27. Rac1 Be6 28. Rxd4 Rbxc5 29. Rxc5 Rxc5 30. Nc4 a4 31. Kg1 axb3 32. axb3 Rb5 33. Rd3 Bxc4 34. bxc4 Rb1+ 35. Kh2 Rc1 36. Rd7+ Kh6 37. h4 Rxc4 38. Rxc7 Rc2 39. Kh3 c5 40. Rf7 c4 41. Rxf4 c3 42. Rf7 Rc1 43. Rc7 Rc2 44. g3 Rc1 45. g4 g5 46. Rc6+ Kg7 47. hxg5 Kf7 48. Kg3 Ke7 49. Kf4 Kd7 50. Rc4 Kd6 51. Kf5 c2 52. f4 Kd7 53. e5 Kd8 54. e6 Ke7 55. Rc3 Kd6 56. Kf6 Rf1 57. Rxc2 Rxf4+ 58. Kg7 Rxg4 59. Kf6 Rf4+ 60. Kg7 Rg4 61. Kf6 Rf4+ 62. Kg7 Rg4 1/2-1/2

[Event "Titled Tuesday intern op 06th Oct"]
[Site "Chess.com INT"]
[Date "2020.10.06"]
[Round "10"]
[White "Oliveira, Silvio Eduardo"]
[Black "Franca, Ricardo Bedin"]
[Result "1-0"]
[WhiteElo "2304"]
[BlackElo "2278"]
[PlyCount "97"]
[EventDate "2020.10.06"]
[EventType "swiss (blitz)"]
[EventRounds "10"]
[EventCountry "USA"]
[SourceTitle "CBM 198 Extra"]
[Source "ChessBase"]
[SourceDate "2020.11.30"]
[SourceVersion "1"]
[SourceVersionDate "2020.11.30"]
[SourceQuality "1"]

1. e4 e5 2. Nf3 Nc6 3. Bb5 a6 4. Ba4 Nf6 5. 0-0 Be7 6. Re1 b5 7. Bb3 d6 8. c3 0-0 9. h3 Na5 10. Bc2 c5 11. d4 Nd7 12. d5 Nb6 13. b3 f5 14. exf5 Bxf5 15. Bxf5 Rxf5 16. c4 bxc4 17. Bd2 cxb3 18. axb3 Nb7 19. Nc3 c4 20. b4 a5 21. bxa5 Rxa5 22. Rb1 Nc5 23. Ne4 Nbd7 24. Bxa5 Qxa5 25. Nxc5 Nxc5 26. Nd4 Rf8 27. Nc6 Qc7 28. Qc2 Nd3 29. Rf1 Bh4 30. g3 Qd7 31. Qxc4 Nf4 32. gxf4 Qxh3 33. Rb3 Qg4+ 34. Kh2 Rxf4 35. Qd3 Bxf2 36. Qh3 Bg1+ 37. Rxg1 Rf2+ 38. Kh1 Qe4+ 39. Rg2 Rf1+ 40. Kh2 Qf4+ 41. Rbg3 g6 42. Qe6+ Kg7 43. Qe7+ Kh6 44. Qe6 Qc1 45. Rh3+ Kg7 46. Qe7+ Kg8 47. Qxh7+ Kf8 48. Qh8+ Kf7 49. Rh7# 1-0

[Event "Titled Tuesday intern op 01st Sept"]
[Site "Chess.com INT"]
[Date "2020.09.01"]
[Round "1"]
[White "Harsha, Bharathakoti"]
[Black "Franca, Ricardo Bedin"]
[Result "1-0"]
[WhiteElo "2509"]
[BlackElo "2278"]
[PlyCount "49"]
[EventDate "2020.09.01"]
[EventType "swiss (blitz)"]
[EventRounds "10"]
[EventCountry "USA"]
[SourceTitle "CBM 198 Extra"]
[Source "ChessBase"]
[SourceDate "2020.11.30"]
[SourceVersion "1"]
[SourceVersionDate "2020.11.30"]
[SourceQuality "1"]

1. d4 Nf6 2. c4 c5 3. d5 e6 4. Nc3 exd5 5. cxd5 d6 6. e4 g6 7. f4 Bg7 8. Bb5+ Nfd7 9. a4 0-0 10. Nf3 Na6 11. 0-0 Nb4 12. f5 Ne5 13. Bf4 Nxf3+ 14. Rxf3 Bd4+ 15. Kh1 a6 16. Bd3 Bd7 17. Qd2 Nxd3 18. Rxd3 Qe7 19. Re1 b5 20. Rh3 bxa4 21. Rf1 Rab8 22. Bxd6 Qxd6 23. Qh6 Rfe8 24. Qxh7+ Kf8 25. fxg6 1-0

[Event "Titled Tuesday intern op 01st Sept"]
[Site "Chess.com INT"]
[Date "2020.09.01"]
[Round "4"]
[White "Murzin, Volodar"]
[Black "Franca, Ricardo Bedin"]
[Result "1-0"]
[WhiteElo "2465"]
[BlackElo "2278"]
[PlyCount "61"]
[EventDate "2020.09.01"]
[EventType "swiss (blitz)"]
[EventRounds "10"]
[EventCountry "USA"]
[SourceTitle "CBM 198 Extra"]
[Source "ChessBase"]
[SourceDate "2020.11.30"]
[SourceVersion "1"]
[SourceVersionDate "2020.11.30"]
[SourceQuality "1"]

1. e4 e5 2. Nf3 Nc6 3. Bb5 a6 4. Ba4 Nf6 5. 0-0 Be7 6. d3 b5 7. Bb3 d6 8. a3 0-0 9. Nc3 Bg4 10. Be3 Nd4 11. Bxd4 exd4 12. Nd5 c6 13. Nxe7+ Qxe7 14. h3 Bxf3 15. Qxf3 Nd7 16. Qg3 Kh8 17. f4 f5 18. Rae1 fxe4 19. Rxe4 Qd8 20. Ba2 Nf6 21. Re6 Re8 22. f5 Rxe6 23. fxe6 Ra7 24. Qf4 c5 25. g4 h6 26. g5 hxg5 27. Qxg5 Qe7 28. Qg6 d5 29. Bxd5 Qd6 30. Rxf6 gxf6 31. e7 1-0

[Event "Titled Tuesday intern op 01st Sept"]
[Site "Chess.com INT"]
[Date "2020.09.01"]
[Round "9"]
[White "Vovk, Orest"]
[Black "Franca, Ricardo Bedin"]
[Result "1-0"]
[WhiteElo "2315"]
[BlackElo "2278"]
[PlyCount "101"]
[EventDate "2020.09.01"]
[EventType "swiss (blitz)"]
[EventRounds "10"]
[EventCountry "USA"]
[SourceTitle "CBM 198 Extra"]
[Source "ChessBase"]
[SourceDate "2020.11.30"]
[SourceVersion "1"]
[SourceVersionDate "2020.11.30"]
[SourceQuality "1"]

1. g4 d5 2. Bg2 c6 3. h3 e6 4. d4 Bd6 5. Nc3 Nd7 6. e4 dxe4 7. Nxe4 Be7 8. Nf3 Ngf6 9. Ng3 Nd5 10. Nh5 g6 11. Nf4 Nxf4 12. Bxf4 Nb6 13. Be5 f6 14. Bg3 Nc4 15. Qc1 Qb6 16. Rb1 Qa5+ 17. c3 Qxa2 18. 0-0 Qb3 19. Qh6 Bf8 20. Qf4 Bg7 21. Qc7 0-0 22. Rfe1 Qb6 23. Qe7 a5 24. Bf1 Qb3 25. Rxe6 Bxe6 26. Qxe6+ Kh8 27. Qxc4 Qb6 28. Qc5 Qxc5 29. dxc5 f5 30. g5 f4 31. Bh2 Rad8 32. Ra1 Ra8 33. Ra4 Rf5 34. Bd3 Rxc5 35. Bxf4 Kg8 36. Bc4+ Kh8 37. Bd3 b5 38. Ra2 a4 39. Be3 Rd5 40. Be4 Rd1+ 41. Kg2 Ra6 42. Nd4 a3 43. Rxa3 Rxa3 44. bxa3 c5 45. Nxb5 c4 46. a4 Ra1 47. Nd4 Rxa4 48. Bd5 Be5 49. f4 Bd6 50. Nc6 Ra3 51. Bd4+ 1-0

[Event "Titled Tuesday intern op 25th Aug"]
[Site "Chess.com INT"]
[Date "2020.08.25"]
[Round "4"]
[White "Efimenko, Zahar"]
[Black "Franca, Ricardo Bedin"]
[Result "1-0"]
[WhiteElo "2602"]
[BlackElo "2278"]
[PlyCount "73"]
[EventDate "2020.08.25"]
[EventType "swiss (blitz)"]
[EventRounds "10"]
[EventCountry "USA"]
[SourceTitle "CBM 198 Extra"]
[Source "ChessBase"]
[SourceDate "2020.11.30"]
[SourceVersion "1"]
[SourceVersionDate "2020.11.30"]
[SourceQuality "1"]

1. Nf3 d5 2. g3 c6 3. Bg2 Nf6 4. 0-0 Bf5 5. d3 Nbd7 6. Nh4 Bg6 7. Nd2 e5 8. c4 Be7 9. Nxg6 hxg6 10. b4 Bxb4 11. Rb1 Bxd2 12. Bxd2 0-0 13. cxd5 cxd5 14. Rxb7 Nc5 15. Rb5 Ne6 16. e3 a6 17. Rb1 Qd7 18. Qb3 Rfb8 19. Qa3 Rb5 20. Bc3 Rxb1 21. Rxb1 Qc7 22. Qb2 d4 23. Bxa8 dxc3 24. Qb8+ Kh7 25. Qxc7 Nxc7 26. Bc6 Nfd5 27. Bxd5 Nxd5 28. a3 f5 29. e4 fxe4 30. dxe4 Nf6 31. f3 g5 32. g4 Nd7 33. Rc1 Nc5 34. Rxc3 Ne6 35. Kf2 Nd4 36. Rc5 Nb5 37. a4 1-0

[Event "Titled Tuesday intern op 25th Aug"]
[Site "Chess.com INT"]
[Date "2020.08.25"]
[Round "2"]
[White "Srihari, LR."]
[Black "Franca, Ricardo Bedin"]
[Result "1/2-1/2"]
[WhiteElo "2414"]
[BlackElo "2278"]
[PlyCount "72"]
[EventDate "2020.08.25"]
[EventType "swiss (blitz)"]
[EventRounds "10"]
[EventCountry "USA"]
[SourceTitle "CBM 198 Extra"]
[Source "ChessBase"]
[SourceDate "2020.11.30"]
[SourceVersion "1"]
[SourceVersionDate "2020.11.30"]
[SourceQuality "1"]

1. d4 Nf6 2. Bg5 g6 3. Bxf6 exf6 4. e3 Bg7 5. g3 f5 6. Bg2 c5 7. Ne2 Qb6 8. Nbc3 0-0 9. 0-0 cxd4 10. Nd5 Qxb2 11. Rb1 Qa3 12. Nc7 dxe3 13. Nxa8 exf2+ 14. Rxf2 Na6 15. Rb3 Qc5 16. c3 d6 17. Nd4 d5 18. Kh1 Qd6 19. Nb5 Qb8 20. Bxd5 Qxa8 21. Nd6 Nc5 22. Rb5 Ne6 23. Re2 Qb8 24. Nxc8 Qxc8 25. Bxe6 fxe6 26. Qd6 Qxc3 27. Qxe6+ Kh8 28. Rxb7 a5 29. a4 Qa1+ 30. Kg2 Qxa4 31. Rd2 Re8 32. Qd7 Qe4+ 33. Kh3 Qg4+ 34. Kg2 Qe4+ 35. Kg1 Qe1+ 36. Kg2 Qe4+ 1/2-1/2

[Event "Titled Tuesday intern op 11th Aug"]
[Site "Chess.com INT"]
[Date "2020.08.11"]
[Round "10"]
[White "Franca, Ricardo Bedin"]
[Black "Harsha, Bharathakoti"]
[Result "1/2-1/2"]
[WhiteElo "2278"]
[BlackElo "2509"]
[PlyCount "144"]
[EventDate "2020.08.11"]
[EventType "swiss (blitz)"]
[EventRounds "10"]
[EventCountry "USA"]
[SourceTitle "CBM 197 Extra"]
[Source "ChessBase"]
[SourceDate "2020.09.30"]
[SourceVersion "1"]
[SourceVersionDate "2020.09.30"]
[SourceQuality "1"]

1. e4 c5 2. Nc3 Nc6 3. f4 g6 4. Nf3 Bg7 5. Bb5 Nd4 6. Bd3 e6 7. Nxd4 cxd4 8. Nb5 Ne7 9. c3 dxc3 10. Nd6+ Kf8 11. dxc3 Qb6 12. e5 Nf5 13. Bxf5 gxf5 14. Qe2 Qc6 15. Be3 h5 16. 0-0-0 b5 17. Qxb5 Qxb5 18. Nxb5 Bb7 19. Rxd7 Bc6 20. Rxa7 Rxa7 21. Nxa7 Bxg2 22. Bc5+ Kg8 23. Rg1 Bf3 24. Nc8 Kh7 25. Nd6 Bh6 26. Be3 Ra8 27. a3 Ra4 28. c4 Bf8 29. Ne8 Rxc4+ 30. Kd2 Bg4 31. Nf6+ Kh6 32. Rg3 h4 33. Nxg4+ fxg4 34. Rxg4 Be7 35. h3 Rc8 36. Bd4 Rd8 37. Ke3 Rb8 38. Kd3 Rb3+ 39. Bc3 Rb7 40. a4 Rd7+ 41. Kc2 Rc7 42. a5 Bb4 43. a6 Bxc3 44. bxc3 Ra7 45. Rxh4+ Kg6 46. Rg4+ Kf5 47. Rg7 Kxf4 48. h4 Kxe5 49. h5 Rxa6 50. Rxf7 Ra2+ 51. Kd3 Rh2 52. Rh7 Rh3+ 53. Kc4 Kf5 54. Kb4 e5 55. c4 e4 56. c5 e3 57. Re7 Kf4 58. c6 Rxh5 59. c7 Rh8 60. Kc3 Rc8 61. Kd3 Kf5 62. Kd4 e2 63. Kd5 Rxc7 64. Rxe2 Rd7+ 65. Kc6 Rd1 66. Rf2+ Ke4 67. Rf7 Ke3 68. Kc5 Rc1+ 69. Kb4 Rd1 70. Kc3 Rc1+ 71. Kb2 Rc8 72. Re7+ Kd4 1/2-1/2

[Event "Titled Tuesday intern op 11th Aug"]
[Site "Chess.com INT"]
[Date "2020.08.11"]
[Round "1"]
[White "Franca, Ricardo Bedin"]
[Black "Le, Quang Liem"]
[Result "1-0"]
[WhiteElo "2278"]
[BlackElo "2709"]
[PlyCount "169"]
[EventDate "2020.08.11"]
[EventType "swiss (blitz)"]
[EventRounds "10"]
[EventCountry "USA"]
[SourceTitle "CBM 197 Extra"]
[Source "ChessBase"]
[SourceDate "2020.09.30"]
[SourceVersion "1"]
[SourceVersionDate "2020.09.30"]
[SourceQuality "1"]

1. d4 Nf6 2. Nf3 d5 3. Bf4 c5 4. e3 Nc6 5. c3 Qb6 6. Qc1 Bf5 7. Nbd2 e6 8. h3 Rc8 9. Be2 cxd4 10. exd4 Nb4 11. 0-0 Be7 12. Ne5 Nc2 13. g4 Nxd4 14. Bd1 h5 15. gxf5 Nxf5 16. Ba4+ Kf8 17. Bc2 g5 18. Bh2 Nh4 19. Ndf3 Nxf3+ 20. Nxf3 g4 21. Ne5 Bd6 22. Qf4 Ke7 23. Qxf6+ Kxf6 24. Nd7+ Ke7 25. Nxb6 axb6 26. Bxd6+ Kxd6 27. Bb3 f5 28. f4 h4 29. hxg4 fxg4 30. f5 e5 31. Rad1 Rc5 32. Rd2 Rf8 33. Rfd1 Rxf5 34. Bxd5 Ke7 35. Bxb7 Rc7 36. Be4 Rf4 37. Re2 h3 38. Kh2 Kf6 39. Rd6+ Kg5 40. Rg6+ Kh5 41. Bb1 e4 42. Rxb6 Rcf7 43. Bxe4 Kg5 44. Kg3 Rxe4 45. Rxe4 Rf3+ 46. Kh2 Rf2+ 47. Kg1 g3 48. Rb5+ Kf6 49. Rh4 h2+ 50. Kh1 Rf1+ 51. Kg2 Rg1+ 52. Kf3 h1Q+ 53. Rxh1 Rxh1 54. Kxg3 Ke6 55. a4 Kd6 56. c4 Kc6 57. b3 Rf1 58. Kg2 Rf7 59. a5 Rf8 60. b4 Rf4 61. Rb6+ Kc7 62. c5 Rf8 63. a6 Rf5 64. Kg3 Rf1 65. Kg4 Rg1+ 66. Kf4 Re1 67. b5 Rc1 68. Rb7+ Kc8 69. c6 Rc5 70. a7 Rc4+ 71. Ke5 Ra4 72. Rb8+ Kc7 73. a8Q Rxa8 74. Rxa8 Kb6 75. Rb8+ Kc5 76. Rb7 Kb4 77. c7 Ka4 78. c8Q Kb4 79. Qc6 Kb3 80. Rd7 Kb2 81. Rd5 Kb3 82. b6 Ka3 83. Rb5 Ka4 84. b7 Ka3 85. Qa6# 1-0

[Event "Titled Tuesday intern op 11th Aug"]
[Site "Chess.com INT"]
[Date "2020.08.11"]
[Round "3"]
[White "Franca, Ricardo Bedin"]
[Black "Sarana, Alexey"]
[Result "0-1"]
[WhiteElo "2278"]
[BlackElo "2654"]
[PlyCount "42"]
[EventDate "2020.08.11"]
[EventType "swiss (blitz)"]
[EventRounds "10"]
[EventCountry "USA"]
[SourceTitle "CBM 197 Extra"]
[Source "ChessBase"]
[SourceDate "2020.09.30"]
[SourceVersion "1"]
[SourceVersionDate "2020.09.30"]
[SourceQuality "1"]

1. e4 c5 2. Nc3 d6 3. f4 g6 4. Nf3 Bg7 5. Bc4 e6 6. 0-0 Ne7 7. Qe1 0-0 8. d3 d5 9. Bb3 Nbc6 10. f5 exf5 11. Nxd5 fxe4 12. dxe4 Nxd5 13. Bxd5 Nb4 14. Bb3 Qb6 15. a3 Nc6 16. Kh1 Be6 17. Qh4 Bxb3 18. cxb3 Qxb3 19. Bh6 f6 20. Rad1 Rad8 21. Bxg7 Rxd1 0-1